| 000 | 00530nam a2200145 a 4500 | ||
|---|---|---|---|
| 008 | 120416s1953 ||||||||||||||||| || u | ||
| 020 | _a0471663301 | ||
| 050 | _aTH 2392 Par | ||
| 100 | _aParker, Harry | ||
| 245 | 1 | 0 | _aSimplified design of roof trusses for archtects and builders |
| 260 |
_aNew York _bJohn Wiley and Sons _c1953 |
||
| 300 | _axiv, 278p. : ill. | ||
| 350 | _a0.00 | ||
| 995 |
_D0.00 _FCBU-MAIN LIBRARY (Kitwe) _H1 _I5.00 _M1 _UDAMAGED _ZMain Library Open Access Collection |
||
| 999 |
_c57482 _d57482 |
||